000 00891nam a22002177a 4500
999 _c7961
_d7961
003 AR-CdUCM
008 190321b ||||| |||| 00| 0 spa d
040 _aMUNICIPALIDAD PROVINCIAL DEL CUSCO
_cBIBLIOTECA MUNICIPAL DEL CUSCO
082 _a631.798 /
_bO41
100 _aOlarte H. Walter
_922497
245 _aProducción agrícola alto andina bajo riego /
260 _aCusco :
_bInstituto de investigación universidad y región,
_c1992.
300 _a182 páginas ;
_bIlustraciones,
_c20 cm.
505 _aMarco teórico conceptual -- Descripción de la zona de estudio -- Indicadores demográficos -- Ubicación de los suelos regados al interior de las comunidades ...
650 _aAgricultura
_9320
650 _aProducción agrícola
_914763
650 _aRiego
_921019
710 _aUniversidad Nacional de San Antonio Abad del Cusco
_915942
942 _2ddc
_cLIBROS
945 _aacv